Strategic human resource management : (Record no. 350394)

000 -LEADER
fixed length control field 00723nam a22002535i 4500
001 - CONTROL NUMBER
control field 17774245
003 - CONTROL NUMBER IDENTIFIER
control field OSt
005 - DATE AND TIME OF LATEST TRANSACTION
control field 20180116183016.0
008 - FIXED-LENGTH DATA ELEMENTS--GENERAL INFORMATION
fixed length control field 130612s2014 cau 000 0 eng
010 ## - LIBRARY OF CONGRESS CONTROL NUMBER
LC control number 2013942708
020 ## - INTERNATIONAL STANDARD BOOK NUMBER
International Standard Book Number 9781446255858 (hardback)
020 ## - INTERNATIONAL STANDARD BOOK NUMBER
International Standard Book Number 9781446255865 (pbk.)
040 ## - CATALOGING SOURCE
Original cataloging agency DLC
Language of cataloging eng
Description conventions rda
Transcribing agency DLC
042 ## - AUTHENTICATION CODE
Authentication code pcc
082 ## - DEWEY DECIMAL CLASSIFICATION NUMBER
Classification number 658.3 REE 2014
100 1# - MAIN ENTRY--PERSONAL NAME
Personal name Rees, Gary.
245 10 - TITLE STATEMENT
Title Strategic human resource management :
Remainder of title an international perspective /
Statement of responsibility, etc. Gary Rees ; [edited by] Gary Rees, Paul Smith.
250 ## - EDITION STATEMENT
Edition statement 1st edition.
263 ## - PROJECTED PUBLICATION DATE
Projected publication date 1401
300 ## - PHYSICAL DESCRIPTION
Extent pages cm
Other physical details PB
906 ## - LOCAL DATA ELEMENT F, LDF (RLIN)
a 0
b ibc
c orignew
d 2
e epcn
f 20
g y-gencatlg
942 ## - ADDED ENTRY ELEMENTS (KOHA)
Source of classification or shelving scheme
Koha item type Book
Holdings
Withdrawn status Lost status Source of classification or shelving scheme Damaged status Not for loan Collection code Permanent Location Current Location Shelving location Date acquired Total Checkouts Total Renewals Full call number Barcode Date last seen Price effective from Koha item type
            Central Library (CL) Central Library (CL) General Stacks 10/06/2015   1 658.3 REE 2014 NBS9515 01/20/2020 10/06/2015 Book
© 2023 Central Library, National University of Sciences and Technology. All Rights Reserved.